Sinh lý học hình thành và nẩy mầm của hạt giống
Phân tích các bộ phận dinh dưỡng của hạt giống: Mối tương tác giữa hạt giống với môi trường, sự trao đổi chất xảy ra trong hạt, quá trình hình thành và nẩy mầm của hạt
Bewaard in:
| Hoofdauteur: | |
|---|---|
| Andere auteurs: | |
| Formaat: | Boek |
| Taal: | Vietnamese |
| Gepubliceerd in: |
H.
Khoa học và kỹ thuật
1981
|
| Onderwerpen: | |
| Tags: |
Voeg label toe
Geen labels, Wees de eerste die dit record labelt!
|
| Thư viện lưu trữ: | Mạng thư viện Đại học Đà Nẵng |
|---|
| LEADER | 01478nam a22003858a 4500 | ||
|---|---|---|---|
| 001 | 000008924 | ||
| 003 | 5118 | ||
| 005 | 20111021161038.0 | ||
| 008 | 111021s1981 b 000 0 od | ||
| 020 | |c 6000đ |d 5100b | ||
| 041 | 0 | |a dịch liên xô | |
| 041 | 0 | |a vie | |
| 082 | |a 571.2 |b OV-K | ||
| 084 | |a M |b S312L | ||
| 100 | 1 | |a Ovtsarov, K. E. | |
| 245 | 1 | 0 | |a Sinh lý học hình thành và nẩy mầm của hạt giống |c K. E. Ovtsarov ; Dịch: Nguyễn Tiến Đạt |
| 260 | |a H. |b Khoa học và kỹ thuật |c 1981 | ||
| 300 | |a 240 tr. |c 19 cm. | ||
| 500 | |a Dịch từ tiếng Nga | ||
| 520 | |a Phân tích các bộ phận dinh dưỡng của hạt giống: Mối tương tác giữa hạt giống với môi trường, sự trao đổi chất xảy ra trong hạt, quá trình hình thành và nẩy mầm của hạt | ||
| 653 | |a Thực vật học | ||
| 653 | |a Giống | ||
| 653 | |a Sinh lí học | ||
| 700 | 1 | |a Nguyễn Tiến Đạt |e Dịch | |
| 910 | |a Huỳnh Thị Cẩm Lai |d 21/10/2011 | ||
| OWN | |a LSP | ||
| AVA | |a UDN50 |b LSP |d 571.2 OV-K |e available |t Error 5001 Not defined in file expand_doc_bib_avail. |f 2 |g 1 |h N |i 0 |k 1 | ||
| 999 | |a From the UDN01 | ||
| AVA | |a UDN50 |b LSP |d 571.2 OV-K |e available |t Error 5001 Not defined in file expand_doc_bib_avail. |f 2 |g 1 |h N |i 0 |k 1 | ||
| TYP | |a Monograph | ||
| TYP | |a Printed language | ||
| 980 | |a Mạng thư viện Đại học Đà Nẵng | ||